• 首页
  • 本馆介绍
  • 公告通知
  • 最新文献
  • 馆藏检索
  • 电子资源
  • 读者导购
  • 参考咨询
  • 我的图书馆
  • 登录
  • 详细信息显示
  • 放入我的书架
  • 预约/预借图书
  • 作者相关作品
  • 分类相关作品
  • 丛书相关作品
  • 出版社相关作品

书目信息

  • 表格格式
  • 工作单格式
  • 卡片格式
题名:
孔子传
    
 
作者: 晓松溪月 著
分册:  
出版信息: 南京   江苏凤凰文艺出版社  2020.9
页数: 219页
开本: 21cm
丛书名:
单 册:
中图分类: B822.2
科图分类:
主题词:
电子资源:
ISBN: 978-7-5594-5069-2
000 00969nam0 2200265 45
001 012001000245
005 20140817174459.0
010    @a978-7-5594-5069-2@dCNY42.00
100    @a20201102d2020 em y0chiy0110 ea
101 0  @achi
102    @aCN@b320000
105    @ay z 000yb
106    @ar
200 1  @a孔子传@Akong zi zhuan@e孤独的摆渡人@f晓松溪月著
210    @a南京@c江苏凤凰文艺出版社@d2020.9
215    @a219页@d21cm
300    @a其他题名:孤独的摆渡人
314    @a晓松溪月,男,作家、编剧,毕业于江苏师范大学,历史学硕士,中国诗词协会会员。
330    @a“至圣先师”孔子,出身贵族,却被称“野合”而生,管仓库、放牛羊,他稳扎稳打,步步高升,终于成了帝王面前的红人。奈何,朝堂风云变幻,他不被重用辞去官位,六十岁的年纪,却带领徒弟周游列国,游学讲说,穷困潦倒。
517 1  @a孤独的摆渡人
600  0 @a孔丘@f前551@x前479@x传记
690    @aB822.2@v5
701  0 @a晓松溪月@Axiao song xi yue@4著
801    @aCN@bAHXH@c20210922
905    @b1357604-8@dB822.2@e1823@f5
    
    孔子传:孤独的摆渡人/晓松溪月著.-南京:江苏凤凰文艺出版社,2020.9
    219页;21cm
    其他题名:孤独的摆渡人
    
    ISBN 978-7-5594-5069-2:CNY42.00
    “至圣先师”孔子,出身贵族,却被称“野合”而生,管仓库、放牛羊,他稳扎稳打,步步高升,终于成了帝王面前的红人。奈何,朝堂风云变幻,他不被重用辞去官位,六十岁的年纪,却带领徒弟周游列国,游学讲说,穷困潦倒。
●
相关链接 在E读中查询图书 在五车中查询图书 在当当中查询图书 在豆瓣中查询图书


正题名:孔子传     索取号:B822.2/1823         预约/预借

序号 登录号 条形码 馆藏地/架位号 状态 备注
1 1357604   213576049   第一样本阅览室/ [索取号:B822.2/1823] 在馆    
2 1357605   213576058   教育系资料室/ [索取号:B822.2/1823] 在馆    
3 1357606   213576067   教育系资料室/ [索取号:B822.2/1823] 在馆    
4 1357607   213576076   第一借阅区/ [索取号:B822.2/1823] 在馆    
5 1357608   213576085   第一借阅区/ [索取号:B822.2/1823] 在馆    
唐山师范学院图书馆 欢迎您!
大连网信软件有限公司© 版权所有